00865nam a2200169 a 450000100100000000500170001000800410002704000250006808200160009310000550010924501160016426000750028030000210035595201820037695201200055899900170067800002718620240229073829.0110330s1959 cu r 000 | spa d aDO-SdBNPbspacBNPHU axxxxbH519c1 aHenríquez i Carvajal, Federico,d1848-19529779200aHomenaje de Cuba al preclaro Dominicano Don Francisco Hénriquez y Carvajal en el centenario de su nacimiento. aLa Habana :bOficina del Historiador de la Ciudad de la Habana,c1959. a210 p. ;c24 cm. 001050718RVaPDbPDcHDd2011-03-30iLF1l0oxxxx H519cp27186-10r2020-06-25w2020-06-25y1zPerteneció a la biblioteca personal de Carlos Larrabazal Blanco.ZNo se presta 001050718RVaPDbPDcCTd2011-04-06iLF1l0oxxxx H519cp27186-20r2020-06-25te. 2w2020-06-25y1ZNo se presta c26678d26678